Hodnotenie inovačnej výkonnosti krajín Európskej únie

Porovnanie Sumárneho inovačného indexu a Globálneho inovačného indexu v prípade štátov Európskej únie a komparácia výsledkov multikriteriálneho hodnotenia inovačnej výkonnosti členov. Príspevok poskytuje základný prehľad o hodnotení inovačnej výkonnosti štátov Európskej únie.

Guardado en:
Detalles Bibliográficos
Autor principal: Duhárová, Simona
Formato: Capítulo de libro
Lenguaje:eslovaco
Materias:
Etiquetas: Agregar Etiqueta
Sin Etiquetas, Sea el primero en etiquetar este registro!

MARC

LEADER 00000nla a2200000 4500
001 0181006
005 20240502073110.7
041 0 |a slo 
044 |a SK 
245 1 0 |a Hodnotenie inovačnej výkonnosti krajín Európskej únie  |c Simona Duhárová 
520 |a Porovnanie Sumárneho inovačného indexu a Globálneho inovačného indexu v prípade štátov Európskej únie a komparácia výsledkov multikriteriálneho hodnotenia inovačnej výkonnosti členov. Príspevok poskytuje základný prehľad o hodnotení inovačnej výkonnosti štátov Európskej únie. 
610 2 0 |a inovácia 
610 2 0 |a indexy 
610 2 0 |a výkonnosť 
610 2 0 |a Európska únia 
100 1 |a Duhárová, Simona